000 00179nam a2200085 4500
001 1258104
005 20260226131828.0
245 _aYARALI
_cKAHRAMAN TAZEOĞLU
260 _bYEDİVEREN
999 _c1258104
_d1258104